MARC

LEADER 00000cam a2200000 7i4500
001 0000000953
005 20140321.0
020 0 0 |a 9251023417 
090 0 0 |a FAO333.75   |b TRE 1985 
245 0 0 |a TREE growing by rural people 
260 0 0 |a Rome :   |b Food and Agriculture Organization of the United Nations ,   |c 1985 
300 |a ix, 130 p. :   |b ill. ;   |c 30 cm. 
440 0 0 |a FAO forestry paper ; 64 
500 0 0 |a Bibliography: [p. 116-118] 
650 0 0 |a Developing countries   |x Rural conditions 
650 0 0 |a Forest policy   |x Developing countries 
650 0 0 |a Fuelwood   |x Economic aspects   |x Developing countries 
650 0 0 |a Reforestation   |x Economic aspects   |x Developing countries 
650 0 0 |a Tree planting   |x Economic aspects   |x Developing countries 
710 1 1 |a Food and Agriculture Organization of the United Nations (FAO) 
998 |a JPSM 
999 |a 0000002137   |b Monograph   |c Food and Agriculture Organization   |e Default branch